CAD/CAM computer- aided design and manufactur... (Record no. 7655)

MARC details
000 -LEADER
fixed length control field 00331nam a2200133Ia 4500
008 - FIXED-LENGTH DATA ELEMENTS--GENERAL INFORMATION
fixed length control field 191201s2013 xx 000 0 und d
100 ## - MAIN ENTRY--PERSONAL NAME
Personal name GROOVER,Mikell P
245 #0 - TITLE STATEMENT
Title CAD/CAM computer- aided design and manufactur...
250 ## - EDITION STATEMENT
Edition statement IMP13th
260 ## - PUBLICATION, DISTRIBUTION, ETC. (IMPRINT)
Date of publication, distribution, etc 2013
Name of publisher, distributor, etc pearson
Place of publication, distribution, etc N. delhi
300 ## - PHYSICAL DESCRIPTION
Extent 511
650 ## - SUBJECT ADDED ENTRY--TOPICAL TERM
Topical term or geographic name as entry element ME
942 ## - ADDED ENTRY ELEMENTS (KOHA)
Source of classification or shelving scheme Dewey Decimal Classification
Koha item type Book Bank
Holdings
Withdrawn status Lost status Source of classification or shelving scheme Damaged status Not for loan Collection code Home library Current library Date acquired Source of acquisition Cost, normal purchase price Bill Number Total Checkouts Acc. no. / Barcode Date last seen Actual Cost, discounted price Bill Date Koha item type
    Dewey Decimal Classification     B.Tech(ME) PIET C-LIBRARY PIET C-LIBRARY 28/02/2015 KIRTI PRAKASHAN, NEW DELHI 599.00 IN2283   BB11337 04/12/2019 401.33 28/02/2015 Book Bank
    Dewey Decimal Classification     B.Tech(ME) PIET C-LIBRARY PIET C-LIBRARY 28/02/2015 KIRTI PRAKASHAN, NEW DELHI 599.00 IN2283   BB11338 04/12/2019 401.33 28/02/2015 Book Bank

Design & Developed by: PIET Central Library
R70 Miles Stone Pattikalyana Samalkha Panipat 132102
mail ID :- [email protected], Phone No:- 0180-2569700 Ex.216